LEADER 01889nam a2200373 u 4500 001 000000039261 003 CaOOAMICUS 005 20070226113953.0 008 980507s1979 it u000 u ita u 035 $a10793948 040 $aPUL(R)$bita 111 2 $aColloquio romanistico-canonistico$d(1978 :$cRoma).$0(OLS)http://pul/name/29234 245 10$aAtti del colloquio romanistico-canonistico (febbraio 1978) 260 $aRoma :$bLibreria editrice della Pontificia Università Lateranense,$c1979. 300 $a462 p. ;$c24 cm 490 1 $aUtrumque ius ;$v4 504 $aBibliografia in nota. 650 4$aDiritto canonico.$0(OLS)http://pul/subject/1294 650 4$aDiritto romano.$0(OLS)http://pul/subject/382 710 2 $aPontificia Università Lateranense.$0(OLS)http://pul/name/287 830 0$aUtrumque ius ;$v4.$0(OLS)http://pul/title/2556 850 $aPUL 852 $aPUL$W1$xDP1 Altre Collocazioni$y17$mSenza collocazione$j12$nBK-PRI$b $qStampati$B53404$CPULBib$Z2$F53404 $81 852 $aPUL$W1$xDP2 Cons. Gen., Altre Classi 1$y61$m1386 G 1.4$j53401$nBK-PRI$qStampati$B53401$CPULBib$Z2$F53401 $H76339 $81 852 $aPUL$W1$xSL Diritto e Scienze Sociali 3$y79$m300 A 12.4$j53402$nBK-PRI$b $qDDC 21$B53402$CPULBib$Z2$F53402 $H73327 $82 852 $aPUL$W1$xSL Diritto e Scienze Sociali 1$y4$m179 L 4bis$j53403$nBK-PRI$b $qStampati$B53403$CPULBib$Z2$F53403 $81 910 $aPontificio Ateneo Lateranense$9287 910 $aPontificio Ateneo Lateranense$9287 941 1 $a9 941 1 $a8 960 $aRoman law$9382 960 $aRoman law$9382 996 $6245$aAtti del colloquio romanistico-canonistico (febbraio 1978)$9(OLS)http://pul/title/53156 996 $6260$aRoma :$bLibreria editrice della Pontificia Università Lateranense$9(OLS)http://pul/publisher/48152 LEADER 01219nam a2200301 u 4500 001 000000053430 003 CaOOAMICUS 005 20070226115547.0 008 001115s1953 fr a u000 u ita u 035 $a10861324 040 $aPUL(R)$bita 041 1 $aita$hfre 100 1 $aMauriac, François,$d1885-1970.$0(OLS)http://pul/name/18268 240 10$aPélerins de Lourdes.$lItaliano.$0(OLS)http://pul/title/71687 245 10$aPellegrini a Lourdes /$cFrançois Mauriac. 260 $aTorino :$bBorla,$c1953. 300 $a117 p. :$bill., ;$c18 cm 500 $aUnica traduzione autorizzata. 600 04$aMaria Virgo,$cs.$0(OLS)http://pul/subject/500 850 $aPUL 852 $aPUL$W1$xDP1 Fondo Giannini$y60$m1555 A 7$j70502$nBK-PRI$b $qFondi$B70502$CPULBib$Z2$F70502 $H $81 852 $aPUL$W1$xDP1 Fondo Cecchetti$y53$m286 C 13$j70503$nBK-PRI$b $qFondi$B70503$CPULBib$Z2$F70503 $HPUL8461 $81 941 1 $a1 960 $aMariologia$9500 960 $aMariologia$9500 961 $aINV: Fondo Giannini. 996 $6245$aPellegrini a Lourdes$9(OLS)http://pul/title/71688 996 $6260$aTorino :$bBorla$9(OLS)http://pul/publisher/48084